00589nam a22001815i 4500001000700000003000900007005001700016008004100033080001000074100002100084245011200105260003800217300002100255650002500276700002000301700001900321852006700340170362ES-MaACL20230906214351.0090226s1882 fr |||| | fre d a782.61 aCarré, Michel.13aLa statue b: opéra-comique en trois actes / cpar Michel Carré et Jules Barbier ; musique de E. Reyer. aParis : bCalmann Lévy, c1882. a55 p. ; c19 cm.14aOperetas-vLibretos.1 aBarbier, Jules.1 aReyer, Ernest. aES-MaACLj2250-F-12 z.- Biblioteca Jacinto Martínez Lacalle